[Event "Harburg-ch Gruppe B"]
[Site "Hamburg"]
[Date "2010.08.22"]
[Round "4"]
[White "Schmidt, Jade"]
[Black "Schiele, Lars"]
[Result "0-1"]
[WhiteElo "2028"]
[BlackElo "2043"]
[PlyCount "142"]
[EventDate "2010.08.20"]
[EventType "tourn"]
[EventRounds "5"]
[EventCountry "GER"]
[SourceDate "2010.08.20"]

1. d4 Nf6 2. c4 e6 3. Nc3 Bb4 4. Qc2 Nc6 5. Nf3 d6 6. Bd2 e5 7. d5 Bxc3 8. Bxc3
Ne7 9. e4 Nh5 10. g3 f5 11. Bg2 O-O 12. O-O f4 13. c5 h6 14. cxd6 cxd6 15. Qb3
Kh7 16. Bb4 g5 17. Qa3 Rf6 18. Nxe5 a5 19. Nc4 f3 20. Bxd6 (20. Bh1) 20... fxg2
21. Kxg2 Ng6 22. Be5 (22. Qc5 Bg4 23. e5) 22... Rf7 23. Qc3 Qd7 24. Nb6 (24.
Kg1 Qh3 25. f3) 24... Qh3+ 25. Kh1 Bg4 (25... Nxe5 26. Qxe5 Nf4 27. Rg1 Bg4)
26. f3 Raf8 27. f4 Nxe5 28. f5 Nxg3+ (28... Bxf5 29. exf5 Rxf5) 29. Qxg3 Qxg3
30. hxg3 Bf3+ 31. Kg1 Bxe4 32. Rac1 Rxf5 33. Rxf5 Rxf5 34. Rc5 Kg6 35. Rxa5 Kh5
36. d6 Bc6 37. Nc4 Nf3+ 38. Kf2 Rxa5 39. Nxa5 Nd4 40. d7 Bxd7 41. Nxb7 Kg4 42.
Nd6 h5 43. Ne4 Kf5 44. Nd6+ Ke5 45. Nf7+ Kf6 46. Nd6 Bc6 47. Nc4 Bd5 48. Nd2
Bxa2 49. g4 hxg4 50. Kg3 Be6 51. Nf1 Nf5+ 52. Kf2 Ke5 53. Nd2 Kf4 54. b4 g3+
55. Kg1 Ke3 56. Nf1+ Kd4 57. Nd2 Bd5 58. Nf1 Bc6 59. Nd2 Kc3 60. Nf1 Kxb4 61.
Ne3 Be4 62. Ng4 Nh4 63. Nf6 Bf5 64. Nd5+ Kc5 65. Ne3 Kd4 66. Nf1 Ke4 67. Nxg3+
Kf3 68. Nf1 Bd3 69. Nd2+ Ke2 70. Nb3 g4 71. Kh2 Kf2 0-1

[Event "Harburg-ch Gruppe B"]
[Site "Hamburg"]
[Date "2010.08.22"]
[Round "4"]
[White "Martin Sommerfeldt, Luis"]
[Black "Juergens, Bernhard"]
[Result "1/2-1/2"]
[WhiteElo "2028"]
[BlackElo "2119"]
[PlyCount "133"]
[EventDate "2010.08.20"]
[EventType "tourn"]
[EventRounds "5"]
[EventCountry "GER"]
[SourceDate "2010.08.20"]

1. Nf3 f5 2. b3 d6 3. d4 Nf6 4. Bb2 g6 5. e3 Bg7 6. Nbd2 Nc6 7. Bc4 e6 8. a3
Qe7 9. Qe2 Bd7 10. b4 a6 11. Bb3 e5 12. dxe5 dxe5 13. e4 fxe4 14. Nxe4 Nxe4 15.
Qxe4 Bf5 16. Qe3 O-O-O 17. O-O e4 18. Bxg7 Qxg7 19. Nd2 Rd4 20. Rfe1 Rhd8 21.
Nf1 Ne5 22. h3 h5 23. Ng3 h4 24. Ne2 Rd2 25. Nc3 R2d4 26. Rad1 g5 27. Rxd4 Rxd4
28. f3 Nc4 29. Bxc4 Rxc4 30. Nxe4 Bxe4 31. fxe4 Qd4 32. Qxd4 Rxd4 33. Kf2 Rc4
34. Re2 Rc3 35. Rd2 c5 36. e5 cxb4 37. e6 Rc7 38. axb4 Re7 39. Re2 Kc7 40. Re5
g4 41. hxg4 Kd6 42. Re4 Rxe6 43. Rxe6+ Kxe6 44. Ke3 Kf6 45. Kf4 b6 46. c4 a5
47. bxa5 bxa5 48. c5 a4 49. c6 Ke7 50. g5 a3 51. c7 Kd7 52. c8=Q+ Kxc8 53. g6
a2 54. g7 a1=Q 55. g8=Q+ Kd7 56. Qd5+ Kc8 57. Qg8+ Kd7 58. Qh7+ Ke6 59. Qh6+
Kf7 60. Qxh4 Qd4+ 61. Kg3 Qe3+ 62. Kg4 Qe6+ 63. Kg3 Qe1+ 64. Kg4 Qd1+ 65. Kf4
Qf1+ 66. Kg3 Qe1+ 67. Kg4 1/2-1/2

[Event "Harburg-ch Gruppe B"]
[Site "Hamburg"]
[Date "2010.08.22"]
[Round "4"]
[White "Kemeny, Matthias"]
[Black "Ramme, Christoph"]
[Result "0-1"]
[WhiteElo "2044"]
[BlackElo "2062"]
[PlyCount "66"]
[EventDate "2010.08.20"]
[EventType "tourn"]
[EventRounds "5"]
[EventCountry "GER"]
[SourceDate "2010.08.20"]

1. e4 c5 2. Nf3 d6 3. d4 cxd4 4. Nxd4 Nf6 5. Nc3 g6 6. Be3 Bg7 7. f3 Nc6 8. Qd2
O-O 9. g4 Nxd4 10. Bxd4 Be6 11. Nd5 Bxd5 12. exd5 e5 13. Be3 e4 14. Be2 exf3
15. Bxf3 Nxg4 16. O-O-O Qf6 17. Rdf1 Qxb2+ 18. Kd1 Nxe3+ 19. Qxe3 Bc3 20. h4
Rae8 21. Qc1 Qxa2 22. h5 Qc4 23. Qh6 Qd4+ 24. Kc1 Qe3+ 25. Qxe3 Rxe3 26. Bg4 f5
27. hxg6 hxg6 28. Bd1 Rfe8 29. Rh6 Kg7 30. Rfh1 R8e7 31. R6h4 b5 32. Rh8 R3e4
33. Rd8 Ra4 0-1

[Event "Harburg-ch Gruppe B"]
[Site "Hamburg"]
[Date "2010.08.22"]
[Round "5"]
[White "Ramme, Christoph"]
[Black "Schmidt, Jade"]
[Result "1/2-1/2"]
[WhiteElo "2062"]
[BlackElo "2028"]
[PlyCount "58"]
[EventDate "2010.08.20"]
[EventType "tourn"]
[EventRounds "5"]
[EventCountry "GER"]
[SourceDate "2010.08.20"]

1. d4 d5 2. c4 e6 3. Nc3 c6 4. cxd5 exd5 5. Qc2 Nf6 6. Bg5 Be7 7. e3 O-O 8. Bd3
Nbd7 9. Nf3 Re8 10. O-O Nf8 11. h3 Ne4 12. Bf4 Ng5 13. Nxg5 Bxg5 14. Bg3 Bh4
15. Bxh4 Qxh4 16. Qe2 Ne6 17. Qg4 Qxg4 18. hxg4 Ng5 19. Bf5 Bxf5 20. gxf5 Ne4
21. Nxe4 Rxe4 22. b4 Kf8 23. Rfb1 Rc8 24. Rb3 Re7 25. Rc1 Rec7 26. Rbc3 Ke7 27.
g4 Kd6 28. Kg2 b6 29. Ra3 f6 1/2-1/2

[Event "Harburg-ch Gruppe B"]
[Site "Hamburg"]
[Date "2010.08.22"]
[Round "5"]
[White "Juergens, Bernhard"]
[Black "Kemeny, Matthias"]
[Result "1-0"]
[WhiteElo "2119"]
[BlackElo "2044"]
[PlyCount "59"]
[EventDate "2010.08.20"]
[EventType "tourn"]
[EventRounds "5"]
[EventCountry "GER"]
[SourceDate "2010.08.20"]

1. Nf3 d5 2. g3 c5 3. Bg2 Nf6 4. O-O Nc6 5. d3 e6 6. Nbd2 Be7 7. e4 O-O 8. e5
Nd7 9. Re1 Qc7 10. Qe2 Re8 11. Nf1 h6 12. h4 b5 13. Bf4 Rb8 14. Ne3 Bb7 15. Ng4
Bf8 16. Qd2 c4 17. d4 c3 18. Qxc3 Bb4 19. Qe3 Bxe1 20. Rxe1 Rbc8 21. Bxh6 gxh6
22. Qxh6 f6 23. exf6 Nf8 24. Ng5 Nd8 25. f7+ Qxf7 26. Nxf7 Kxf7 27. Qf6+ Kg8
28. Re5 Nf7 29. Nh6+ Nxh6 30. Rg5+ 1-0

[Event "Harburg-ch Gruppe B"]
[Site "Hamburg"]
[Date "2010.08.22"]
[Round "5"]
[White "Schiele, Lars"]
[Black "Martin Sommerfeldt, Luis"]
[Result "1-0"]
[WhiteElo "2043"]
[BlackElo "2028"]
[PlyCount "37"]
[EventDate "2010.08.20"]
[EventType "tourn"]
[EventRounds "5"]
[EventCountry "GER"]
[SourceDate "2010.08.20"]

1. e4 d6 2. d4 Nf6 3. Nc3 c6 4. f4 Qa5 5. Bd2 e5 6. dxe5 dxe5 7. f5 Qc7 8. Bd3
b5 9. Qe2 Bb7 10. Nf3 Nbd7 11. O-O Bc5+ 12. Kh1 O-O-O 13. b4 Be7 14. a4 a6 15.
axb5 axb5 16. Bxb5 Bxb4 17. Ba6 Nc5 18. Bxb7+ Qxb7 19. Rfb1 1-0

[Event "Harburg-ch Gruppe C"]
[Site "Hamburg"]
[Date "2010.08.20"]
[Round "1"]
[White "Albers, Andreas"]
[Black "Szudra, Heinz Werner"]
[Result "0-1"]
[WhiteElo "1957"]
[BlackElo "1991"]
[PlyCount "104"]
[EventDate "2010.08.20"]
[EventType "tourn"]
[EventRounds "5"]
[EventCountry "GER"]
[SourceDate "2010.08.20"]

1. e4 e6 2. d4 d5 3. Nc3 Bb4 4. exd5 exd5 5. Bd3 Ne7 6. Nge2 Nbc6 7. a3 Bd6 8.
Nb5 Bf5 9. Nxd6+ Qxd6 10. O-O O-O 11. Bf4 Qd7 12. c3 Rfe8 13. Qc2 Bxd3 14. Qxd3
Ng6 15. Bg3 Nce7 16. Rfe1 Nf5 17. Bxc7 Nxd4 18. Nxd4 Qxc7 19. Qb5 Red8 20. Re3
a6 21. Qe2 Qd7 22. Re1 Kf8 23. Qh5 Kg8 24. h3 h6 25. Kf1 Kf8 26. Ne6+ fxe6 27.
Qxg6 Re8 28. Rxe6 (28. Qh7) 28... Rxe6 29. Qxe6 Rd8 30. Qxd7 Rxd7 31. Ke2 Ke7
32. Kd3+ Kd6 33. Re3 Rc7 34. Rg3 Rf7 35. Rg6+ Ke5 36. Ke3 Kf5 37. Rb6 Re7+ 38.
Kd3 h5 39. Rd6 Ke5 40. Rd8 g5 41. Rf8 h4 42. Rf3 Rg7 43. Re3+ Kd6 44. g3 Rf7
45. gxh4 gxh4 46. Ke2 Rf4 47. Re8 Kd7 48. Re5 Kd6 49. Rg5 Re4+ 50. Kf1 d4 51.
Rg4 (51. cxd4) 51... Rxg4 52. hxg4 d3 0-1

[Event "Harburg-ch Gruppe C"]
[Site "Hamburg"]
[Date "2010.08.20"]
[Round "1"]
[White "Krause, Jonah"]
[Black "Schwarzkopf, Joerg"]
[Result "1-0"]
[WhiteElo "1812"]
[BlackElo "1739"]
[PlyCount "59"]
[EventDate "2010.08.20"]
[EventType "tourn"]
[EventRounds "5"]
[EventCountry "GER"]
[SourceDate "2010.08.20"]

1. d4 f5 2. g3 Nf6 3. Bg2 e6 4. Nf3 d5 5. c3 c6 6. Nbd2 Bd6 7. Ne5 O-O 8. Ndf3
Ne4 9. h4 a5 10. Bf4 Qe8 11. h5 Be7 12. Qc1 Nd7 13. Nxd7 Bxd7 14. Ne5 c5 15.
Bxe4 fxe4 16. h6 g6 17. dxc5 Bxc5 18. Be3 Bd6 19. Bd4 Rf5 20. Nxd7 Qxd7 21. Bg7
Qf7 22. Bd4 e5 23. Be3 Rf8 24. a3 Rxf2 25. Bxf2 Qxf2+ 26. Kd1 Qg2 (26... e3)
27. Re1 Qxg3 28. Qc2 d4 (28... Qf4) 29. Qb3+ Rf7 30. Rf1 1-0

[Event "Harburg-ch Gruppe C"]
[Site "Hamburg"]
[Date "2010.08.20"]
[Round "1"]
[White "Nixdorf, Andre"]
[Black "Hagenlueke, Thomas"]
[Result "0-1"]
[WhiteElo "2054"]
[BlackElo "1967"]
[PlyCount "104"]
[EventDate "2010.08.20"]
[EventType "tourn"]
[EventRounds "5"]
[EventCountry "GER"]
[SourceDate "2010.08.20"]

1. e4 c6 2. d4 d5 3. Nc3 dxe4 4. Nxe4 Bf5 5. Ng3 Bg6 6. Nf3 Nd7 7. h4 h6 8. h5
Bh7 9. Bd3 Bxd3 10. Qxd3 e6 11. Bf4 Qa5+ 12. Bd2 Bb4 13. c3 Be7 14. c4 Qc7 15.
O-O-O Ngf6 16. Ne4 b5 17. c5 Rd8 18. Qe2 Nxe4 19. Qxe4 Nf6 20. Qe2 Ng4 21. g3
O-O 22. Bf4 Qb7 23. Ne1 Nf6 24. g4 Nd5 25. Bd2 Bf6 26. Nf3 Qc7 27. Qe4 Qe7 28.
Rhg1 (28. g5) 28... Bg5 29. Bxg5 hxg5 30. Ne5 Qe8 31. Rg3 f5 32. gxf5 exf5 33.
Qh1 g4 34. h6 g6 35. Qh4 (35. Re1 Ne7 36. Rge3 Nd5 37. Ra3) 35... Qe7 36. Nxg6
Qxh4 37. Nxh4 Nf4 38. Re3 Rf6 (38... Kh7) 39. Re5 Rxh6 40. Nxf5 Rh2 41. Ne7+
Kh7 42. Nxc6 Ra8 43. a3 Rxf2 44. Re7+ Kg8 45. d5 g3 46. d6 g2 47. d7 (47. Ree1)
47... Rf1 48. Re8+ Kg7 49. Rxa8 Rxd1+ 50. Kxd1 g1=Q+ 51. Kc2 Qxc5+ 52. Kb3 Qc4#
0-1

[Event "Harburg-ch Gruppe C"]
[Site "Hamburg"]
[Date "2010.08.21"]
[Round "2"]
[White "Szudra, Heinz Werner"]
[Black "Hagenlueke, Thomas"]
[Result "0-1"]
[WhiteElo "1991"]
[BlackElo "1967"]
[PlyCount "88"]
[EventDate "2010.08.20"]
[EventType "tourn"]
[EventRounds "5"]
[EventCountry "GER"]
[SourceDate "2010.08.20"]

1. c4 e5 2. Nc3 Nf6 3. Nf3 Nc6 4. g3 d5 5. cxd5 Nxd5 6. Bg2 Nb6 7. O-O Be7 8.
a3 Be6 9. b4 O-O 10. d3 f6 11. Be3 a5 12. Bxb6 cxb6 13. b5 Nd4 14. Nxd4 Qxd4
15. Qd2 Rac8 16. Rfc1 Qd7 17. Qb2 Rc5 18. a4 Rfc8 19. Ne4 Qd4 20. Qd2 Rxc1+ 21.
Rxc1 Qxa4 22. Rxc8+ Bxc8 23. Qc1 Bd7 24. Nc3 Qa3 25. Bd5+ Kf8 26. Qc2 Qc5 27.
Qb3 Qb4 28. Qa2 Qxc3 29. Bg8 Be8 30. Qe6 Qc5 31. Bxh7 Bf7 32. Qd7 Be8 33. Qe6
Bf7 34. Qd7 Qc1+ 35. Kg2 Qc5 36. e4 (36. Kg1 {dreifache Stellungswiederholung})
36... Qd6 37. Qxb7 g6 38. f4 Kg7 39. Bxg6 Bxg6 40. f5 Bf7 41. h4 Qd8 42. g4 Bc5
43. g5 fxg5 44. h5 Qf6 0-1

[Event "Harburg-ch Gruppe C"]
[Site "Hamburg"]
[Date "2010.08.21"]
[Round "2"]
[White "Schwarzkopf, Joerg"]
[Black "Nixdorf, Andre"]
[Result "1-0"]
[WhiteElo "1739"]
[BlackElo "2054"]
[PlyCount "119"]
[EventDate "2010.08.20"]
[EventType "tourn"]
[EventRounds "5"]
[EventCountry "GER"]
[SourceDate "2010.08.20"]

1. e4 c5 2. c3 d5 3. exd5 Qxd5 4. d4 Nf6 5. Nf3 Bg4 6. Be2 e6 7. O-O Nc6 8. h3
Bh5 9. Be3 cxd4 10. cxd4 Be7 11. Nc3 Qd6 12. Qb3 Qb4 13. Qxb4 Bxb4 14. g4 Bg6
15. Ne5 O-O 16. Nxc6 bxc6 17. Rac1 Rfd8 18. a3 Be7 19. Bf3 Rac8 20. Rfd1 Nd5
21. Ne2 Bd6 22. h4 h6 23. h5 Bh7 24. Kg2 Rb8 (24... a5) 25. b4 Rb6 26. Bxd5
exd5 27. Bf4 f5 28. Bxd6 Rxd6 29. f3 fxg4 30. fxg4 Be4+ 31. Kg3 Rf6 32. Rf1 Kf7
33. Rxf6+ Kxf6 34. Kf4 Bd3 35. Ng1 Bb5 36. Nf3 a5 37. Ne5 Ra6 38. Nd7+ Ke7 39.
Nc5 Ra8 40. Re1+ Kf7 41. bxa5 Rxa5 42. Re3 Ra7 43. Kf5 Ba6 44. Ke5 Re7+ 45. Kf4
Ra7 46. g5 hxg5+ 47. Kxg5 Bb5 48. Rf3+ Kg8 49. Kg6 Ba4 50. Rf2 Bb5 51. a4 Bc4
52. Rb2 Ra8 53. Rb7 Kf8 54. Rxg7 Bd3+ 55. Nxd3 Rxa4 56. Nc5 Ra1 57. Ne6+ Ke8
58. h6 Rg1+ 59. Kf6 Rf1+ 60. Ke5 1-0

[Event "Harburg-ch Gruppe C"]
[Site "Hamburg"]
[Date "2010.08.21"]
[Round "2"]
[White "Albers, Andreas"]
[Black "Krause, Jonah"]
[Result "0-1"]
[WhiteElo "1957"]
[BlackElo "1812"]
[PlyCount "102"]
[EventDate "2010.08.20"]
[EventType "tourn"]
[EventRounds "5"]
[EventCountry "GER"]
[SourceDate "2010.08.20"]

1. e4 c6 2. d4 d5 3. exd5 cxd5 4. Bd3 Nc6 5. c3 Nf6 6. Bf4 Bg4 7. Qb3 Qd7 8.
Nd2 e6 9. h3 Bh5 10. Ngf3 Bd6 11. Bxd6 Qxd6 12. O-O O-O 13. Rfe1 Nd7 14. Rab1
Rab8 15. Qc2 Bg6 16. Re2 Rfc8 17. Bxg6 hxg6 18. Qd3 Na5 19. Ng5 Qf4 20. Ndf3
Nc4 21. Rbe1 Nf8 22. g3 Qf6 23. h4 Qf5 24. Qxf5 gxf5 25. Ne5 Nxe5 26. dxe5 Nd7
27. Nf3 Nb6 28. Nd4 a6 29. f4 Nc4 30. Kf2 b5 31. Kf3 b4 32. b3 Na3 33. cxb4
Rxb4 34. Rd1 Nb5 35. Nxb5 Rxb5 36. Rd4 Rbc5 37. Ra4 R8c6 38. Rd2 Rc3+ 39. Kf2
g6 40. Rb2 Kg7 41. b4 Kh6 42. Ra5 Rb6 43. a4 Ra3 44. Kg2 Kg7 45. b5 axb5 46.
Rb4 Ra2+ 47. Kf3 Rc6 48. Ke3 bxa4 49. Raxa4 Rc3+ 50. Kd4 Rxa4 51. Rxa4 Rxg3 0-1

[Event "Harburg-ch Gruppe C"]
[Site "Hamburg"]
[Date "2010.08.21"]
[Round "3"]
[White "Krause, Jonah"]
[Black "Szudra, Heinz Werner"]
[Result "1-0"]
[WhiteElo "1812"]
[BlackElo "1991"]
[PlyCount "81"]
[EventDate "2010.08.20"]
[EventType "tourn"]
[EventRounds "5"]
[EventCountry "GER"]
[SourceDate "2010.08.20"]

1. d4 Nf6 2. Nf3 c5 3. d5 g6 4. c4 b5 5. cxb5 a6 6. b6 d6 7. Nc3 Bg7 8. e4 O-O
9. Be2 Nbd7 10. O-O Qxb6 11. Nd2 Qc7 12. Nc4 Nb6 13. Ne3 Bd7 14. f4 e6 15. dxe6
fxe6 16. Bf3 Bc6 17. Qb3 d5 18. exd5 exd5 19. Ncxd5 Nbxd5 20. Nxd5 Bxd5 21.
Bxd5+ Nxd5 22. Qxd5+ Kh8 23. Rb1 Rad8 (23... Rae8) 24. Qf3 Qf7 (24... Qa5) 25.
b3 Qf5 (25... c4) 26. Bb2 Bxb2 27. Rxb2 Rd3 28. Qe2 Rfd8 29. Qe5+ Kg8 30. Qxf5
gxf5 31. Rc1 Rd1+ 32. Rxd1 Rxd1+ 33. Kf2 Rd4 34. Ke3 Kf7 35. Re2 Rd1 36. Rd2
Rh1 37. Rd5 Rxh2 38. Rxf5+ Kg7 39. Kf3 Rh6 40. Rxc5 Rd6 41. g4 1-0

[Event "Harburg-ch Gruppe C"]
[Site "Hamburg"]
[Date "2010.08.21"]
[Round "3"]
[White "Nixdorf, Andre"]
[Black "Albers, Andreas"]
[Result "1-0"]
[WhiteElo "2054"]
[BlackElo "1957"]
[PlyCount "91"]
[EventDate "2010.08.20"]
[EventType "tourn"]
[EventRounds "5"]
[EventCountry "GER"]
[SourceDate "2010.08.20"]

1. e4 e6 2. d4 d5 3. Nc3 Bb4 4. e5 c5 5. a3 Bxc3+ 6. bxc3 Qa5 7. Bd2 Qa4 8. Qg4
Kf8 9. Qd1 Nc6 10. Nf3 Nge7 11. Qb1 a6 12. Qb2 f6 13. exf6 gxf6 14. Be2 Rg8 15.
Kf1 Nf5 16. Rd1 c4 17. Bf4 b5 18. Rg1 Ke7 19. g4 Nd6 20. g5 fxg5 21. Bxg5+ Kd7
22. Bf4 Bb7 23. Re1 Rxg1+ 24. Nxg1 Rf8 25. Bg3 Ne4 26. Bg4 Bc8 27. f3 Nxg3+ (
27... h5) 28. hxg3 Kd6 29. Kg2 Rg8 30. Ne2 Qa5 31. Rh1 Qc7 32. Qc1 Qf7 33. Qe3
Bd7 34. Rh6 Nd8 35. Qe5+ Kc6 36. Nf4 Rxg4 37. fxg4 Qg8 38. Qxd5+ (38. Nxd5)
38... Kc7 39. Qe5+ Kb7 40. Qh5 Bc6+ 41. Kh3 Be4 42. Rf6 Bf3 43. Kh4 Bd1 44.
Nxe6 Kc8 45. Qc5+ Kd7 46. Qc7+ 1-0

[Event "Harburg-ch Gruppe C"]
[Site "Hamburg"]
[Date "2010.08.21"]
[Round "3"]
[White "Hagenlueke, Thomas"]
[Black "Schwarzkopf, Joerg"]
[Result "1-0"]
[WhiteElo "1967"]
[BlackElo "1739"]
[PlyCount "47"]
[EventDate "2010.08.20"]
[EventType "tourn"]
[EventRounds "5"]
[EventCountry "GER"]
[SourceDate "2010.08.20"]

1. d4 Nf6 2. c4 g6 3. Nc3 Bg7 4. Nf3 O-O 5. g3 d6 6. Bg2 Nc6 7. O-O e5 8. dxe5
Nxe5 9. Nxe5 dxe5 10. Qxd8 Rxd8 11. Bg5 c6 (11... Rf8) 12. Ne4 Nxe4 13. Bxd8
Nd2 14. Rfd1 Nxc4 15. b3 Nb2 16. Rd2 e4 17. Bg5 Bf5 18. Rb1 e3 19. Rdxb2 exf2+
20. Kxf2 h6 21. Bd2 Rd8 22. e4 Bd4+ 23. Be3 Bxb2 24. Rxb2 1-0

[Event "Harburg-ch Gruppe C"]
[Site "Hamburg"]
[Date "2010.08.22"]
[Round "4"]
[White "Szudra, Heinz Werner"]
[Black "Schwarzkopf, Joerg"]
[Result "1-0"]
[WhiteElo "1991"]
[BlackElo "1739"]
[PlyCount "67"]
[EventDate "2010.08.20"]
[EventType "tourn"]
[EventRounds "5"]
[EventCountry "GER"]
[SourceDate "2010.08.20"]

1. c4 f5 2. Nc3 Nf6 3. g3 e6 4. Bg2 c6 5. e4 fxe4 6. Nxe4 d5 7. Nxf6+ Qxf6 8.
f4 Bd6 9. d4 dxc4 10. Nf3 Nd7 11. O-O O-O 12. Qe2 Nb6 13. Bd2 Bd7 14. Rfe1 Rae8
15. a4 c5 16. Bc3 Nxa4 17. Ne5 Nxc3 18. bxc3 Bb5 19. Rxa7 cxd4 20. cxd4 Bxe5
21. dxe5 Qd8 22. Rxb7 Qd4+ 23. Qf2 Qxf2+ 24. Kxf2 Ba4 25. Ra1 Bb3 26. Raa7 Rf5
27. Rxg7+ Kh8 28. Rxh7+ Kg8 29. Be4 c3 30. Bxf5 exf5 31. Rag7+ Kf8 32. Rh8+
Kxg7 33. Rxe8 c2 34. Rc8 1-0

[Event "Harburg-ch Gruppe C"]
[Site "Hamburg"]
[Date "2010.08.22"]
[Round "4"]
[White "Albers, Andreas"]
[Black "Hagenlueke, Thomas"]
[Result "1-0"]
[WhiteElo "1957"]
[BlackElo "1967"]
[PlyCount "119"]
[EventDate "2010.08.20"]
[EventType "tourn"]
[EventRounds "5"]
[EventCountry "GER"]
[SourceDate "2010.08.20"]

1. d4 d5 2. c4 e6 3. Nc3 c6 4. e3 Nf6 5. Nf3 Nbd7 6. Qc2 Bd6 7. g4 Bb4 8. Bd2
Bxc3 9. Bxc3 Ne4 10. O-O-O Qf6 11. Bg2 Nxc3 12. Qxc3 Nb6 13. c5 Nd7 14. h4 Qd8
15. g5 Qc7 16. h5 Nf8 17. Nh4 Bd7 18. f4 O-O-O 19. Nf3 Be8 20. Bh3 Qe7 21. Qa5
Kb8 22. Rd3 Qc7 23. Qb4 Ka8 24. Ra3 Nd7 25. Ne5 f6 26. Qa4 Qb8 27. Nxc6 bxc6
28. Qxc6+ Qb7 29. Qxe6 Nf8 30. Qg4 Bd7 31. f5 Bc6 32. gxf6 gxf6 33. Rg1 Nd7 34.
Rb3 Qc8 35. Qf4 Rhg8 36. Rxg8 Rxg8 37. Qd6 Rg1+ 38. Kd2 Qa6 39. Qc7 Rg8 40. Bf1
Qc8 41. Qd6 Rg7 42. Qe6 Bb7 43. Bb5 a6 44. Ba4 Nxc5 45. Qxc8+ Bxc8 46. dxc5
Bxf5 47. Bc6+ Ka7 48. Kc3 Be6 49. Rb4 f5 50. Rb6 Rc7 51. Kd4 Bf7 52. h6 Re7 53.
Bxd5 Bxd5 54. Kxd5 Rxe3 55. Rf6 Re2 56. Rxf5 Rxb2 57. Rf7+ Kb8 58. Rxh7 Rxa2
59. Rg7 Rh2 60. h7 1-0

[Event "Harburg-ch Gruppe C"]
[Site "Hamburg"]
[Date "2010.08.22"]
[Round "4"]
[White "Krause, Jonah"]
[Black "Nixdorf, Andre"]
[Result "1/2-1/2"]
[WhiteElo "1812"]
[BlackElo "2054"]
[PlyCount "51"]
[EventDate "2010.08.20"]
[EventType "tourn"]
[EventRounds "5"]
[EventCountry "GER"]
[SourceDate "2010.08.20"]

1. d4 d5 2. c4 c6 3. Nf3 Nf6 4. Nc3 e6 5. Qc2 dxc4 6. a4 Bb4 7. e4 Qa5 8. Bd2
b5 9. Be2 Bb7 10. O-O Qb6 11. e5 Nfd7 12. Nxb5 Be7 13. Nc3 c5 14. a5 Qc6 15.
Bxc4 (15. Ra4) 15... cxd4 16. Bb5 Qc7 17. Nxd4 Qxe5 18. Nde2 a6 19. Bf4 Qc5 20.
Ba4 O-O 21. Rfd1 Nf6 22. b4 Qc8 23. Qb3 Rd8 24. Rxd8+ Qxd8 25. Rd1 Qc8 26. Rc1
1/2-1/2

[Event "Harburg-ch Gruppe C"]
[Site "Hamburg"]
[Date "2010.08.22"]
[Round "5"]
[White "Nixdorf, Andre"]
[Black "Szudra, Heinz Werner"]
[Result "1/2-1/2"]
[WhiteElo "2054"]
[BlackElo "1991"]
[PlyCount "97"]
[EventDate "2010.08.20"]
[EventType "tourn"]
[EventRounds "5"]
[EventCountry "GER"]
[SourceDate "2010.08.20"]

1. e4 e6 2. d4 d5 3. Nc3 Bb4 4. e5 c5 5. a3 Bxc3+ 6. bxc3 Ne7 7. Qg4 O-O 8. Bd3
f5 9. exf6 Rxf6 10. Bg5 Rf7 11. Qh4 h6 12. Nf3 Nbc6 13. Bxe7 Qxe7 14. Qxe7 Rxe7
15. dxc5 e5 16. Nd2 Be6 17. O-O Na5 18. Rab1 a6 19. Nb3 Nc6 20. Rfe1 g5 21. h3
Kf7 22. Re3 Rf8 23. Nd2 Kg7 24. Rb6 Rc8 25. Nb3 Kf7 26. Rf3+ Kg7 27. Rg3 Kf6
28. Rf3+ Kg7 29. Re3 Kf7 30. Kh2 h5 31. Rg3 Kf6 32. Rf3+ Kg7 33. Re3 Kf6 34.
Be2 h4 35. Bd3 Kg7 36. g3 Rf7 37. Kg2 Rcf8 38. f3 hxg3 39. Kxg3 d4 40. cxd4
Bxb3 41. Rxb3 exd4 42. Re6 Rxf3+ 43. Kg4 R8f4+ 44. Kxg5 Nd8 45. Rg6+ Kf8 46.
Bc4 Rf5+ 47. Kg4 R5f4+ 48. Kg5 Rf5+ 49. Kg4 1/2-1/2

[Event "Harburg-ch Gruppe C"]
[Site "Hamburg"]
[Date "2010.08.22"]
[Round "5"]
[White "Hagenlueke, Thomas"]
[Black "Krause, Jonah"]
[Result "1/2-1/2"]
[WhiteElo "1967"]
[BlackElo "1812"]
[PlyCount "75"]
[EventDate "2010.08.20"]
[EventType "tourn"]
[EventRounds "5"]
[EventCountry "GER"]
[SourceDate "2010.08.20"]

1. d4 Nf6 2. c4 g6 3. Nc3 Bg7 4. Nf3 O-O 5. g3 d6 6. Bg2 Na6 7. O-O c5 8. b3
Rb8 9. dxc5 Nxc5 10. Nd4 a6 11. Be3 Qc7 12. Rc1 Bd7 13. b4 Ne6 14. Nd5 Qd8 15.
Nb6 Nxd4 16. Bxd4 Bc6 17. Nd5 Nxd5 18. cxd5 Bd7 19. Bxg7 Kxg7 20. Qd4+ Kg8 21.
Rc3 Rc8 22. Rfc1 Rxc3 23. Qxc3 Qb6 24. Qc7 Qb5 25. a4 Qxa4 26. Qxb7 Qb5 27. Rc7
Qxb7 28. Rxb7 Bb5 29. Rxe7 Rc8 30. f4 Kf8 31. Re3 Rc4 32. Rb3 Rc2 33. Bf3 Bxe2
34. Bxe2 Rxe2 35. Ra3 Rb2 36. Rxa6 Rxb4 37. Rxd6 Rd4 38. Kf2 1/2-1/2

[Event "Harburg-ch Gruppe C"]
[Site "Hamburg"]
[Date "2010.08.22"]
[Round "5"]
[White "Schwarzkopf, Joerg"]
[Black "Albers, Andreas"]
[Result "1/2-1/2"]
[WhiteElo "1739"]
[BlackElo "1957"]
[PlyCount "63"]
[EventDate "2010.08.20"]
[EventType "tourn"]
[EventRounds "5"]
[EventCountry "GER"]
[SourceDate "2010.08.20"]

1. e4 e5 2. f4 exf4 3. Nf3 Ne7 4. Nc3 Ng6 5. Bc4 Nc6 6. O-O Be7 7. d4 O-O 8.
Nd5 d6 9. Nxf4 Nxf4 10. Bxf4 Bg4 11. c3 Qd7 12. Bb3 Rad8 13. Qd3 Na5 14. Bc2 f5
15. Rae1 Rde8 16. e5 Bxf3 17. Qxf3 dxe5 18. Bxe5 g6 19. b4 Nc4 20. Bb3 b5 21.
Re2 Bf6 22. Rfe1 Kg7 23. Bxc4 bxc4 24. Qb7 Bxe5 25. Rxe5 Rxe5 26. Rxe5 Re8 27.
Rxe8 Qxe8 28. Qxc7+ Kf6 29. Qd6+ Kg5 30. Qg3+ Kf6 31. Qd6+ Kg5 32. Qg3+ 1/2-1/2

[Event "Harburg-ch Gruppe D"]
[Site "Hamburg"]
[Date "2010.08.20"]
[Round "1"]
[White "Willner, Thomas"]
[Black "Lehmkuhl, Stefan"]
[Result "1/2-1/2"]
[WhiteElo "1866"]
[BlackElo "1898"]
[PlyCount "151"]
[EventDate "2010.08.20"]
[EventType "tourn"]
[EventRounds "5"]
[EventCountry "GER"]
[SourceDate "2010.08.20"]

1. e4 d5 2. d4 dxe4 3. Nc3 e5 4. Nxe4 Bf5 5. Ng3 Bg6 6. d5 c6 7. Bc4 Ne7 8. Bg5
cxd5 9. Bxe7 Bxe7 10. Qxd5 Nc6 11. c3 O-O 12. Qxd8 Rfxd8 13. Nf3 Kf8 14. Bb5
Rac8 15. Bxc6 Rxc6 16. O-O (16. Nxe5 Re6 17. f4 f6 18. O-O fxe5 19. f5) 16...
f6 17. h3 Bc5 18. Rfe1 a5 19. Ne4 Be7 20. Nh4 Bxe4 21. Rxe4 Rd2 22. Rae1 Rxb2
23. f4 Bd6 24. fxe5 Bxe5 25. Nf3 Bd6 26. Kh1 Rxa2 27. Ng5 Be5 (27... fxg5 28.
Rf1+ Bf4 29. g3 Rxc3 30. gxf4 Rxh3+ 31. Kg1 Rg3+ 32. Kh1 g4) 28. Nf3 Rxc3 29.
Nxe5 fxe5 30. Rxe5 Rc7 31. Rb5 a4 32. Reb1 Rf2 33. Rxb7 Rxb7 34. Rxb7 Rf7 35.
Rb8+ Ke7 36. Ra8 Rf4 37. Ra6 h5 38. g3 Rb4 39. Kg2 Kf7 40. Kf3 g6 41. h4 Rg4
42. Rd6 Ke7 43. Rd3 Ke6 44. Rd8 Ke5 45. Rd7 Rd4 46. Rg7 a3 47. Ra7 Rd3+ 48. Kf2
Rc3 49. Ra6 Kf5 50. Ra4 Rc2+ 51. Kf3 Rc3+ 52. Kf2 Rb3 53. Rf4+ Ke5 54. Ra4 Rb2+
55. Ke3 a2 56. Ra5+ Kf6 57. Kf4 Rh2 58. Ra6+ Kg7 59. Kg5 Kf7 60. Ra7+ Ke6 61.
Kxg6 Rg2 62. Kxh5 Rxg3 63. Rxa2 Rg1 64. Rf2 Ke7 65. Kh6 Rg8 66. Kh7 Rg4 67. h5
Rh4 68. Rf5 Ke6 69. Rg5 Kf7 70. h6 Rd4 71. Rf5+ Ke6 72. Rf3 Rg4 73. Rf8 Ke7 74.
Rg8 Rh4 75. Rg5 Kf6 76. Rg7 1/2-1/2